[Event "POR-ch U18"]
[Site "Luso"]
[Date "2017.04.11"]
[Round "6"]
[White "Santos, Rita Alexandra"]
[Black "Martins, Goncalo Faria Olive"]
[Result "1-0"]
[WhiteElo "1619"]
[BlackElo "1530"]
[PlyCount "51"]
[EventDate "2017.04.08"]
[EventType "swiss"]
[EventRounds "7"]
[EventCountry "POR"]
[SourceTitle "EXT 2018"]
[Source "ChessBase"]
[SourceDate "2017.10.13"]
[SourceVersion "1"]
[SourceVersionDate "2017.10.13"]
[SourceQuality "1"]

1. e4 c5 2. Nf3 e6 3. d4 cxd4 4. Nxd4 a6 5. Bc4 Nf6 6. Nc3 Qc7 7. Bb3 Bb4 8. Qf3 Qe5 9. 0-0 Qxd4 10. Rd1 Qe5 11. Bf4 Qh5 12. Qg3 Bxc3 13. bxc3 0-0 14. Bxb8 Nxe4 15. Qf4 Nxc3 16. Rd2 Ne2+ 17. Rxe2 Qxe2 18. Bd6 Re8 19. g4 Qb5 20. h4 b6 21. Kh2 Bb7 22. h5 Qe2 23. Rg1 Qf3 24. Qd4 f5 25. h6 Qxg4 26. Rxg4 1-0

[Event "Famalicao op 3rd"]
[Site "Famalicao"]
[Date "2015.08.04"]
[Round "4"]
[White "Martins, Goncalo Faria Olive"]
[Black "Santos, Antonio Pereira"]
[Result "0-1"]
[WhiteElo "1567"]
[BlackElo "2288"]
[PlyCount "112"]
[EventDate "2015.08.02"]
[EventType "swiss"]
[EventRounds "7"]
[EventCountry "POR"]
[SourceTitle "CBM 167 Extra"]
[Source "ChessBase"]
[SourceDate "2015.09.14"]
[SourceVersion "1"]
[SourceVersionDate "2015.09.14"]
[SourceQuality "1"]

1. e4 c5 2. Nf3 Nc6 3. d4 cxd4 4. Nxd4 e6 5. Nc3 Qc7 6. Be3 a6 7. Qd2 Nf6 8. f3 Be7 9. 0-0-0 b5 10. g4 h6 11. h4 b4 12. Nce2 Ne5 13. Bf4 d5 14. Bxe5 Qxe5 15. Nc6 Qc7 16. Nxe7 Qxe7 17. e5 Nd7 18. f4 Bb7 19. Nd4 h5 20. g5 g6 21. Kb1 0-0 22. Rh3 Rfb8 23. Rg3 a5 24. Nb5 Ba6 25. Nd6 Bxf1 26. Rxf1 Nc5 27. Rg2 Ra6 28. Qe3 Rc6 29. Rd1 Na4 30. Qb3 Nc5 31. Qe3 Qc7 32. Re2 Na4 33. Rf1 Rxd6 34. exd6 Qxd6 35. Qe5 Qb6 36. Kc1 Nc3 37. Ref2 Nxa2+ 38. Kb1 Nc3+ 39. Kc1 Ne4 40. Re2 Ng3 41. Ree1 Nxf1 42. Rxf1 a4 43. Rf3 Rc8 44. Rd3 Qg1+ 45. Rd1 Qf2 46. Rd2 Qf1+ 47. Rd1 Qc4 48. Rd2 Qa2 49. Kd1 a3 50. b3 Qb1+ 51. Ke2 a2 52. Rd1 Rxc2+ 53. Ke1 Qxb3 54. Qb8+ Kh7 55. Qe8 Qe3+ 56. Kf1 Qf2# 0-1

[Event "Famalicao op 3rd"]
[Site "Famalicao"]
[Date "2015.08.03"]
[Round "2"]
[White "Martins, Goncalo Faria Olive"]
[Black "Fernandes, Tiago Joao Carneiro"]
[Result "1-0"]
[WhiteElo "1567"]
[BlackElo "1269"]
[PlyCount "69"]
[EventDate "2015.08.02"]
[EventType "swiss"]
[EventRounds "7"]
[EventCountry "POR"]
[SourceTitle "CBM 167 Extra"]
[Source "ChessBase"]
[SourceDate "2015.09.14"]
[SourceVersion "1"]
[SourceVersionDate "2015.09.14"]
[SourceQuality "1"]

1. e4 e5 2. Nf3 Nc6 3. Bb5 a6 4. Ba4 b5 5. Bb3 Nf6 6. 0-0 d5 7. exd5 Nxd5 8. Re1 Qd6 9. d4 f6 10. dxe5 fxe5 11. Qxd5 Bd7 12. Nxe5 0-0-0 13. Qxd6 cxd6 14. Nf7 Be7 15. Nxh8 Rxh8 16. Nc3 Bf6 17. Nd5 Bd4 18. c3 Ba7 19. Be3 Bb8 20. Nb6+ Kb7 21. Nxd7 Bc7 22. Rad1 Rd8 23. Nc5+ dxc5 24. Rxd8 Bxd8 25. Bxc5 g6 26. Bg8 h6 27. Bf7 g5 28. Bd5 h5 29. Re6 Kc7 30. Rxc6+ Kd7 31. Rxa6 Kc7 32. Ra7+ Kc8 33. Bd6 Bb6 34. Be6+ Kd8 35. Ra8# 1-0

[Event "POR-ch U16"]
[Site "Luso"]
[Date "2015.07.23"]
[Round "3"]
[White "Martins, Goncalo Faria Olive"]
[Black "Goncalves, Goncalo Cravo Jesus"]
[Result "1-0"]
[WhiteElo "1421"]
[BlackElo "1756"]
[PlyCount "67"]
[EventDate "2015.07.22"]
[EventType "swiss"]
[EventRounds "7"]
[EventCountry "POR"]
[SourceTitle "EXT 2018"]
[Source "ChessBase"]
[SourceDate "2017.10.13"]
[SourceVersion "1"]
[SourceVersionDate "2017.10.13"]
[SourceQuality "1"]

1. e4 c5 2. Nf3 d6 3. d4 cxd4 4. Nxd4 Nf6 5. Nc3 a6 6. Bg5 e6 7. f4 Qb6 8. Nb3 Nbd7 9. Qf3 Qc7 10. 0-0-0 b5 11. Bd3 Be7 12. Kb1 Bb7 13. Rhe1 b4 14. Ne2 a5 15. g4 a4 16. Nd2 a3 17. b3 Nc5 18. h3 d5 19. e5 Nfe4 20. Bxe7 Kxe7 21. Bxe4 Nxe4 22. Nxe4 dxe4 23. Qe3 Rac8 24. Rd2 Ba6 25. Qxe4 Bxe2 26. Qxb4+ Qc5 27. Qxc5+ Rxc5 28. Rexe2 Rc3 29. Rd3 Rxd3 30. cxd3 Rc8 31. Rc2 Rd8 32. Rc7+ Ke8 33. Kc2 Rd4 34. Rc4 1-0

[Event "POR-ch U16"]
[Site "Luso"]
[Date "2015.07.23"]
[Round "2"]
[White "Paiva, Simao Calheiros De"]
[Black "Martins, Goncalo Faria Olive"]
[Result "0-1"]
[WhiteElo "1322"]
[BlackElo "1421"]
[PlyCount "118"]
[EventDate "2015.07.22"]
[EventType "swiss"]
[EventRounds "7"]
[EventCountry "POR"]
[SourceTitle "EXT 2018"]
[Source "ChessBase"]
[SourceDate "2017.10.13"]
[SourceVersion "1"]
[SourceVersionDate "2017.10.13"]
[SourceQuality "1"]

1. e4 c5 2. Nf3 e6 3. d4 cxd4 4. Nxd4 a6 5. Nc3 Qc7 6. Bd3 Nf6 7. 0-0 Be7 8. f4 d6 9. Qe2 Nbd7 10. Bd2 0-0 11. Rae1 Qb6 12. Be3 Qxb2 13. Nd1 Qxa2 14. g4 Qa5 15. g5 Ne8 16. f5 exf5 17. exf5 Ne5 18. h4 Nxd3 19. Qxd3 f6 20. g6 h6 21. Ne6 Bxe6 22. fxe6 f5 23. Rf4 Qe5 24. Bd2 Qc5+ 25. Nf2 Nc7 26. Bb4 Qb5 27. Qa3 Nd5 28. Rd4 Nxb4 29. Qxb4 Qxb4 30. Rxb4 b5 31. h5 Bg5 32. Rd4 Be7 33. Rb1 Rac8 34. Rd2 Rc6 35. Nd1 Rfc8 36. c3 d5 37. Rxd5 Rxe6 38. Rxf5 Bf6 39. Rf3 Re5 40. Rh3 Rcc5 41. Ra1 Rxh5 42. Rxh5 Rxh5 43. Rxa6 Rg5+ 44. Kf2 Rxg6 45. Ra8+ Kh7 46. Rb8 Rg5 47. Ke2 Rc5 48. Kd3 h5 49. Ra8 h4 50. Ra2 g5 51. Rc2 Kg6 52. Nf2 Kf5 53. c4 Rxc4 54. Rxc4 bxc4+ 55. Kxc4 Kf4 56. Kd3 g4 57. Ke2 Bd4 58. Nh1 g3 59. Kf1 h3 0-1

[Event "POR-ch U16"]
[Site "Luso"]
[Date "2015.07.22"]
[Round "1"]
[White "Martins, Goncalo Faria Olive"]
[Black "Fidalgo, Andre Neves"]
[Result "0-1"]
[WhiteElo "1421"]
[BlackElo "2029"]
[PlyCount "70"]
[EventDate "2015.07.22"]
[EventType "swiss"]
[EventRounds "7"]
[EventCountry "POR"]
[SourceTitle "EXT 2018"]
[Source "ChessBase"]
[SourceDate "2017.10.13"]
[SourceVersion "1"]
[SourceVersionDate "2017.10.13"]
[SourceQuality "1"]

1. e4 c5 2. Nf3 g6 3. d4 cxd4 4. Nxd4 Nc6 5. Nc3 Bg7 6. Be3 Nf6 7. Bc4 Qa5 8. 0-0 0-0 9. Bb3 d6 10. h3 Bd7 11. f4 Rac8 12. Qe2 Nxe4 13. Nxc6 Bxc6 14. Nxe4 Bxe4 15. Bd2 Qb6+ 16. Kh2 d5 17. c3 Rfd8 18. Be3 Qc7 19. Qf2 b6 20. Rad1 h5 21. Qh4 Bf6 22. Qf2 e6 23. g4 hxg4 24. hxg4 Kg7 25. Bd4 Rh8+ 26. Kg3 e5 27. Bxe5 Qxe5 28. fxe5 Bxe5+ 29. Qf4 Bxf4+ 30. Rxf4 Rcd8 31. Rdf1 f5 32. R1f2 Rh1 33. Bc2 Rg1+ 34. Kh2 Rh8+ 35. Kxg1 Rh1# 0-1

[Event "POR-ch U16"]
[Site "Luso"]
[Date "2014.07.26"]
[Round "6"]
[White "Nogueira, Diana Sofia Cunha"]
[Black "Martins, Goncalo Faria Olive"]
[Result "1-0"]
[WhiteElo "1541"]
[BlackElo "1357"]
[PlyCount "51"]
[EventDate "2014.07.23"]
[EventType "swiss"]
[EventRounds "7"]
[EventCountry "POR"]
[SourceTitle "EXT 2015"]
[Source "ChessBase"]
[SourceDate "2014.11.20"]
[SourceVersion "1"]
[SourceVersionDate "2014.11.20"]
[SourceQuality "1"]

1. e4 c5 2. Nc3 Nc6 3. f4 g6 4. g3 d6 5. Bg2 Bg7 6. d3 e6 7. Nf3 Nge7 8. 0-0 0-0 9. Be3 Nd4 10. Rb1 Qc7 11. Ne2 Nxf3+ 12. Bxf3 d5 13. c3 Rd8 14. e5 c4 15. d4 b5 16. g4 a5 17. h4 Kh8 18. Ng3 b4 19. h5 Rb8 20. hxg6 fxg6 21. Qd2 Kg8 22. Qh2 Kf7 23. f5 exf5 24. gxf5 Bxf5 25. Nxf5 gxf5 26. e6+ 1-0

[Event "POR-ch prel"]
[Site "Famalicao"]
[Date "2014.07.10"]
[Round "6"]
[White "Martins, Goncalo Faria Olive"]
[Black "Fernandes, David Manuel da Sil"]
[Result "1/2-1/2"]
[WhiteElo "1357"]
[BlackElo "1307"]
[PlyCount "77"]
[EventDate "2014.07.06"]
[EventType "swiss"]
[EventRounds "9"]
[EventCountry "POR"]
[SourceTitle "EXT 2015"]
[Source "ChessBase"]
[SourceDate "2014.11.20"]
[SourceVersion "1"]
[SourceVersionDate "2014.11.20"]
[SourceQuality "1"]

1. e4 e6 2. d4 d5 3. Nc3 Nf6 4. e5 Nfd7 5. f4 a6 6. Nf3 Bb4 7. a3 Bxc3+ 8. bxc3 c5 9. c4 cxd4 10. cxd5 Qa5+ 11. Qd2 Qxd5 12. Qxd4 Qxd4 13. Nxd4 Nc6 14. Be3 0-0 15. Bd3 Nxd4 16. Bxd4 b5 17. Be4 Rb8 18. Ba7 Bb7 19. Bxb8 Bxe4 20. Bd6 Rc8 21. 0-0 h6 22. Rac1 Nb6 23. Rf2 Nd5 24. Bb4 Rc4 25. c3 Bf5 26. g3 h5 27. Rd2 h4 28. Rd4 hxg3 29. hxg3 Kh7 30. Kf2 Kg6 31. Rxc4 bxc4 32. Kf3 Bd3 33. Rd1 f6 34. Re1 f5 35. Kg2 Kf7 36. Kf2 Be4 37. Rd1 Kg6 38. Ke2 Kh5 39. Kf2 1/2-1/2

[Event "POR-ch prel"]
[Site "Famalicao"]
[Date "2014.07.09"]
[Round "5"]
[White "Martins, Goncalo Faria Olive"]
[Black "Oliveira, Maria Elisa Ramos"]
[Result "1-0"]
[WhiteElo "1357"]
[BlackElo "1086"]
[PlyCount "63"]
[EventDate "2014.07.06"]
[EventType "swiss"]
[EventRounds "9"]
[EventCountry "POR"]
[SourceTitle "EXT 2015"]
[Source "ChessBase"]
[SourceDate "2014.11.20"]
[SourceVersion "1"]
[SourceVersionDate "2014.11.20"]
[SourceQuality "1"]

1. e4 e5 2. Nf3 Nc6 3. Bb5 a6 4. Ba4 Nf6 5. d3 b5 6. Bb3 d6 7. c3 Be7 8. 0-0 0-0 9. Re1 Na5 10. Bc2 c6 11. d4 Qc7 12. Nbd2 Re8 13. Nf1 Bg4 14. h3 Bh5 15. Ng3 Bg6 16. Nh2 Rad8 17. f4 exf4 18. Bxf4 Qd7 19. Nf3 d5 20. e5 Nh5 21. Nxh5 Bxh5 22. Qe2 Bf6 23. Qf2 Be7 24. Ng5 h6 25. Nf3 f6 26. e6 Qc8 27. Qg3 Kf8 28. Bxh6 gxh6 29. Bh7 Bf7 30. exf7 Kxf7 31. Qg6+ Kf8 32. Qg8# 1-0

[Event "POR-ch prel"]
[Site "Famalicao"]
[Date "2014.07.07"]
[Round "2"]
[White "Martins, Goncalo Faria Olive"]
[Black "Veiga, Jose Francisco RP"]
[Result "0-1"]
[WhiteElo "1357"]
[BlackElo "1680"]
[PlyCount "80"]
[EventDate "2014.07.06"]
[EventType "swiss"]
[EventRounds "9"]
[EventCountry "POR"]
[SourceTitle "EXT 2015"]
[Source "ChessBase"]
[SourceDate "2014.11.20"]
[SourceVersion "1"]
[SourceVersionDate "2014.11.20"]
[SourceQuality "1"]

1. e4 c5 2. Nf3 g6 3. d4 Bg7 4. Nc3 cxd4 5. Nxd4 Nc6 6. Be3 Nf6 7. Bc4 0-0 8. Bb3 a5 9. 0-0 Nxd4 10. Bxd4 d6 11. f4 Bd7 12. Qe2 Bc6 13. g4 Nd7 14. Bxg7 Kxg7 15. g5 a4 16. Bd5 Qb6+ 17. Qf2 Qxb2 18. Bxc6 bxc6 19. Qd4+ Kg8 20. f5 Qb6 21. Rad1 Qxd4+ 22. Rxd4 a3 23. f6 c5 24. fxe7 cxd4 25. exf8Q+ Nxf8 26. Nb5 Ne6 27. Nxd6 Nxg5 28. h4 Ra6 29. e5 Ne6 30. Nxf7 Rb6 31. Rf6 Rb2 32. Nd6 Rxa2 33. Rxe6 Rxc2 34. Re8+ Kg7 35. Nb5 a2 36. Ra8 d3 37. Ra7+ Kh6 38. Nc3 Rxc3 39. Rxa2 Rc1+ 40. Kf2 Rc2+ 0-1

[Event "Lisbon Check Mate op 1st"]
[Site "Lisbon"]
[Date "2013.08.10"]
[Round "1.24"]
[White "Martins, Goncalo Faria Olive"]
[Black "Garcia, Antonio Manuel Cost"]
[Result "0-1"]
[WhiteElo "1280"]
[BlackElo "1911"]
[PlyCount "50"]
[EventDate "2013.08.10"]
[EventType "swiss"]
[EventRounds "7"]
[EventCountry "POR"]
[SourceTitle "EXT 2015"]
[Source "ChessBase"]
[SourceDate "2014.11.20"]
[SourceVersion "1"]
[SourceVersionDate "2014.11.20"]
[SourceQuality "1"]

1. e4 c5 2. Nf3 Nc6 3. d4 cxd4 4. Nxd4 a6 5. Nc3 e6 6. Be3 Qc7 7. Qd2 Nf6 8. f3 Bb4 9. a3 Be7 10. 0-0-0 0-0 11. h4 b5 12. Na2 d5 13. Nxc6 Qxc6 14. e5 Nd7 15. f4 Bb7 16. g4 Rfc8 17. Bd3 Nc5 18. Bxc5 Bxc5 19. h5 a5 20. Kb1 b4 21. axb4 axb4 22. b3 Qb6 23. Rh3 Rxa2 24. Kxa2 Qa5+ 25. Kb2 Bd4+ 0-1